000 00860nam0a22002291 4500
001 rc\2730066
005 20250529133428.0
035 _a(NLR Aleph) 006857447
090 _a6812078
_c6812078
100 _a20110915d1937 |||y0rusy50 ca
101 0 _arus
102 _aRU
105 _ay z |||a|
200 1 _aКомроты шестнадцать
_eПовесть [из жизни штрафной роты во время гражданской войны 1919 г.]
210 _aЛенинград
_cГослитиздат
_d1937
_gТип. им. Лиханкова
215 _a75 с.
_d17 см.
700 1 _7ca
_8rus
_aАндреев
_bВ. М.
_cписатель
_f1889-1942
_gВасилий Михайлович
_9261652
_3RU\NLR\AUTH\770261708
801 0 _aRU
_bNLR
_gpsbo
801 1 _aRU
_bELAR
_2rusmarc
852 _aNLR
_j37-9/1895
942 _cBOOK
980 _aNB